| 000 | 00823nam a2200253 a 4500 | ||
|---|---|---|---|
| 001 | 46524 | ||
| 003 | BD-RjUL | ||
| 005 | 20211209054150.0 | ||
| 008 | 160802s1954 enk 000 0 eng | ||
| 035 |
_a(BD-RjUL) 46643 _a(CStRLIN)MIUL89-B4531 |
||
| 035 | _a(MiU-L)b10671870 | ||
| 040 |
_aDLC _cCSt-Law _dMiU-L _dBD-RjUL _beng |
||
| 041 | _aeng | ||
| 082 | 0 | 4 |
_222 _a346.02 _bCHC 1954 |
| 100 | 1 |
_aCheshire, G. C. _q(Geoffrey Chevalier), _d1886-1978. _913893 |
|
| 245 | 1 | 0 |
_aCases on the law of contract / _cG.C. Cheshire, C.H.S. Fifoot. |
| 250 | _a2nd ed. | ||
| 260 |
_aLondon : _bButterworth, _cc1954 |
||
| 300 |
_axxiii, 447 p. ; _c25 cm. |
||
| 650 | 0 |
_aContracts _zGreat Britain _vCases. _914109 |
|
| 700 | 1 |
_aFifoot, C. H. S. _q(Cecil Herbert Stuart), _d1899-1975. _913894 |
|
| 942 |
_2ddc _cBK |
||
| 999 |
_c46524 _d46524 |
||